| 000 | 00424nam a2200169 i 4500 | ||
|---|---|---|---|
| 001 | bg | ||
| 100 | 1 | _aHORVATH, Imre | |
| 245 | 0 |
_aModelling in the technology of wastewater treatment / _cImre Horvath. |
|
| 260 |
_aBudapest : _bAdemiai Kiado, _c1984. |
||
| 020 | _a963053410X | ||
| 040 | _cBPK | ||
| 041 | _apol | ||
| 080 | _a628 | ||
| 920 | _a963-05-3410-X | ||
| 942 | _cKS | ||
| 008 | s pl f |000 0 pol | ||
| 999 |
_c23041 _d23041 |
||
| 856 |
_uhttp://koha.tu.koszalin.pl/cgi-bin/koha/opac-detail.pl?biblionumber=23041 _yKatalog online BPK |
||